Catálogo

LOS ORIGENES DE LA PRETENSION CRISTIANA : (Registro nro. 17179)

Detalles MARC
000 -LEADER
fixed length control field 00582nam a2200205 a 4500
001 - CONTROL NUMBER
control field 17179
005 - DATE AND TIME OF LATEST TRANSACTION
control field 20180713210300.0
008 - FIXED-LENGTH DATA ELEMENTS--GENERAL INFORMATION
fixed length control field 140415s1989 sp 000 0 spa d
020 ## - INTERNATIONAL STANDARD BOOK NUMBER
International Standard Book Number 8474902274
041 ## - LANGUAGE CODE
Language code of text/sound track or separate title spa
082 ## - DEWEY DECIMAL CLASSIFICATION NUMBER
Classification number 200
Item number GIU
100 1# - MAIN ENTRY--PERSONAL NAME
Personal name Giussani, Luigi,
Dates associated with a name 1922-2005,.
245 14 - TITLE STATEMENT
Title LOS ORIGENES DE LA PRETENSION CRISTIANA :
Remainder of title CURSO BASICO DE CRISTIANISMO
250 ## - EDITION STATEMENT
Edition statement 1a ed.
260 ## - PUBLICATION, DISTRIBUTION, ETC.
Place of publication, distribution, etc. ESPAÑA :
Name of publisher, distributor, etc. EDICIONES ENCUENTRO,
Date of publication, distribution, etc. 1989
300 ## - PHYSICAL DESCRIPTION
Extent 138
490 ## - SERIES STATEMENT
Series statement ENSAYOS
Volume/sequential designation 55
650 14 - SUBJECT ADDED ENTRY--TOPICAL TERM
Topical term or geographic name entry element RELIGION
700 1# - ADDED ENTRY--PERSONAL NAME
Personal name RODRIGUEZ FIERRO, MARIA JOSE
Relator term tr.
Existencias
Withdrawn status Lost status Source of classification or shelving scheme Damaged status Not for loan Collection code Home library Current library Shelving location Date acquired Source of acquisition Inventory number Total Checkouts Full call number Barcode Date last seen Date last checked out Price effective from Koha item type
    Dewey Decimal Classification     General Biblioteca Karol Wojtyla Biblioteca Karol Wojtyla Sala general 03/12/2013 Compra 151000000000000000057150 1 200 GIU 35312 05/01/2026 07/10/2021 03/12/2013 Libro